Project Management (Record no. 532187)

000 -LEADER
fixed length control field 00235nam a22001097a 4500
040 ## - CATALOGING SOURCE
Transcribing agency DLC
100 ## - MAIN ENTRY--PERSONAL NAME
Personal name Jack Gido
9 (RLIN) 25528
245 ## - TITLE STATEMENT
Title Project Management
260 ## - PUBLICATION, DISTRIBUTION, ETC.
Place of publication, distribution, etc. New Delhi
Name of publisher, distributor, etc. Cengage
Date of publication, distribution, etc. c2007
300 ## - PHYSICAL DESCRIPTION
Extent p;374
942 ## - ADDED ENTRY ELEMENTS (KOHA)
Source of classification or shelving scheme
Koha item type Book
Holdings
Withdrawn status Lost status Source of classification or shelving scheme Damaged status Not for loan Permanent Location Current Location Date acquired Total Checkouts Barcode Date last seen Price effective from Koha item type
          School of Civil and Environmental Engineering (SCEE) School of Civil and Environmental Engineering (SCEE) 11/12/2019   NIT-12100 11/12/2019 11/12/2019 Book
© 2023 Central Library, National University of Sciences and Technology. All Rights Reserved.